| 000 | 00406nam a22001337a 4500 | ||
|---|---|---|---|
| 003 | SGT | ||
| 082 |
_a617.6 _bE12Y |
||
| 100 | _aROMA, YADAV | ||
| 245 | _aEFFECT OF ORAL ADMINISTRATION OF PROBIOTIC DRINK ON SALIVARY MUTANS STREPTOCOCCI AMONG UNDERGRADUATE DENTAL STUDENTS | ||
| 260 |
_aDELHI NCR _bSGT UNIVERSITY GURUGRAM _c2011 |
||
| 300 | _a1-72 | ||
| 650 | _aPUBLIC HEALTH DENTISTRY | ||
| 942 |
_2ddc _cTH |
||
| 999 |
_c17173 _d17173 |
||